[Event "Campobasso op 18th"]
[Site "Campobasso "]
[Date "2011.07.23"]
[Round "4"]
[White "Meijers, Viesturs"]
[Black "Doronzo, Michele"]
[Result "1-0"]
[WhiteElo "2492"]
[BlackElo "1952"]
[PlyCount "81"]
[EventDate "2011.08.06"]
[EventType "swiss"]
[EventRounds "6"]
[EventCountry "ITA"]
[SourceTitle "EXT 2014"]
[Source "ChessBase"]
[SourceDate "2013.11.20"]
[SourceVersion "1"]
[SourceVersionDate "2013.11.20"]
[SourceQuality "1"]

1. d4 Nf6 2. Bg5 e6 3. e4 Be7 4. e5 Nd5 5. Bxe7 Nxe7 6. Nc3 b6 7. Qg4 Nf5 8. Bd3 h5 9. Qg3 Nc6 10. Bxf5 exf5 11. Nge2 g6 12. Nd5 Bb7 13. Qf4 Kf8 14. f3 Ne7 15. Nxe7 Qxe7 16. 0-0-0 Bd5 17. Nc3 Qe6 18. h4 Rc8 19. Kb1 a6 20. Rh2 b5 21. g4 fxg4 22. fxg4 Ke8 23. Nxd5 Qxd5 24. g5 Rh7 25. Rf2 c5 26. c3 c4 27. Re1 Rc6 28. a3 Re6 29. Ref1 Rb6 30. Qf3 Qxf3 31. Rxf3 Re6 32. a4 Ke7 33. a5 Ke8 34. Ka2 Ke7 35. Ka3 Ke8 36. Kb4 Ke7 37. Rf6 d6 38. exd6+ Rxd6 39. Rxd6 Kxd6 40. Rf6+ Kd5 41. Rxa6 1-0